000 00450nam a2200181Ia 4500
001 16751
005 20260306170334.0
008 260306t2021||||xx |||||||||||||| ||und||
041 _aESP
082 _a349.79
_bB61
100 _aBlancas Bustamante, Carlos
_eAUT
245 0 _aEl derecho y la doctrina social de la Iglesia
260 _c2021
300 _a169 páginas :
_c21 cm.
650 _aGEN
654 _aCDE
942 _cLIB
_dJUS
_fJUS
_2ddc
_n
999 _c16751
_d16751